000 00813nam a2200229Ia 4500
008 210303s9999 xx 000 0 und d
016 _2retro2021
020 _a9780277412
040 _aNLN
_bEnglish
050 _aTL151.5
_b.C559
082 _a629.222
100 _aCHUKWUEMEKE, G. I.
_eaut
_924233
245 0 _aKey services recorder for motorists /
_cG. I. Chukwuemeke
260 _aIkoyi, Lagos state ( 77, Jubrilla street, Ijesha-surulere, P. O. Box 52493 ) :
_bEife Nigeria,
_c1998
300 _aiv, 20p. :
_bill, ; 21cm.
563 _a(pbk)
650 _aAutomobile
_vCost of operation
_xHandbooks, manuals
_937939
650 _a Automobile drivers' records
_vHandbooks, manuals
_937940
650 _aAutomobile
_vMaintenance and repairs
_xHandbooks, manuals, e.t.c.
_924235
942 _cBK
942 _n0
999 _c12059
_d12059